Usos de las TIC en la enseñanza de las Ciencias Sociales en el Tercer Grado del Nivel Medio en el Politécnico Ángeles Custodio Año 2009 (Record no. 844)

MARC details
000 -LEADER
campo de control de longitud fija 02229nam a2200529Ia 4500
001 - NÚMERO DE CONTROL
campo de control 924
008 - DATOS DE LONGITUD FIJA--INFORMACIÓN GENERAL
campo de control de longitud fija 241029s9999 xx 000 0 und d
010 ## - NÚMERO DE CONTROL DE LA BIBLIOTECA DEL CONGRESO
Número de control de LC 844
041 ## - CÓDIGO DE IDIOMA
Código de lengua del texto/banda sonora o título independiente Español
082 ## - NÚMERO DE LA CLASIFICACIÓN DECIMAL DEWEY
Número de clasificación F.C.E MA. Tecn Educ. 167
245 #0 - MENCIÓN DEL TÍTULO
Título Usos de las TIC en la enseñanza de las Ciencias Sociales en el Tercer Grado del Nivel Medio en el Politécnico Ángeles Custodio Año 2009
260 ## - PUBLICACIÓN, DISTRIBUCIÓN, ETC.
Lugar de publicación, distribución, etc. Santo Domingo
300 ## - DESCRIPCIÓN FÍSICA
Extensión 52
520 ## - RESUMEN, ETC.
Sumario, etc. 37
520 ## - RESUMEN, ETC.
Sumario, etc. El estudio de planteó como propósito general indagar sobre el uso de tecnologías  de la comunicación y la información en la enseñanza de las Ciencias Sociales.  Se trató de una investigación de campo de tipo descriptiva, porque no estudia ni causas, ni consecuencias, sino que busca una interpretación correcta del fenómeno, es también explicativa, documental y exploratoria. Se trabajó con una muestra de 20 estudiantes, de un total de 300 correspondiente al tercer grado del politécnico.El estudio evidenció que existe poca capacitación en relación al uso de las TIC en el área de Ciencias Sociales, sin embargo hay buena disposición por parte de los docentes para el uso de las mismas.El estudio recomendó que se incluya el uso de las TIC en la política educativa, como un eje transversal de manera real y efectiva  en todos los planteles.
630 ## - PUNTO DE ACCESO ADICIONAL DE MATERIA--TÍTULO UNIFORME
Título uniforme Enseñanza
630 ## - PUNTO DE ACCESO ADICIONAL DE MATERIA--TÍTULO UNIFORME
Título uniforme Tecnología Educativa
650 ## - PUNTO DE ACCESO ADICIONAL DE MATERIA--TÉRMINO DE MATERIA
Término de materia o nombre geográfico como elemento de entrada Tecnología Educativa
690 ## - PUNTO DE ACCESO ADICIONAL DE MATERIA LOCAL--TÉRMINO DE MATERIA (OCLC, RLIN)
Término de materia o nombre geográfico como elemento inicial Elaborado
700 ## - ENTRADA AGREGADA--NOMBRE PERSONAL
Término indicativo de función/relación asesor
Nombre de persona Pinales, Domingo
700 ## - ENTRADA AGREGADA--NOMBRE PERSONAL
Término indicativo de función/relación autor
Nombre de persona Pérez , María Lidia
901 ## - ELEMENTOS DE DATOS A LOCAL LDA (RLIN)
a {"1":"Pérez "}
b {"1":"María Lidia"}
902 ## - ELEMENTOS DE DATOS B LOCAL, LDB (RLIN)
a 1
903 ## - ELEMENTOS DE DATOS C LOCAL, LDC (RLIN)
a {"1":"Pinales"}
b {"1":"Domingo "}
904 ## - ELEMENTOS DE DATOS D LOCAL, LDD (RLIN)
a Máster en
905 ## - ELEMENTOS DE DATOS E LOCAL, LDE (RLIN)
a Tecnología Educativa
906 ## - ELEMENTOS DE DATOS F LOCAL, LDF (RLIN)
a 2
907 ## - ELEMENTOS DE DATOS G LOCAL, LDG (RLIN)
a NO APLICA
908 ## - COLOCAR PARÁMETRO DE COMANDO (RLIN)
Colocar parámetro de comando NO APLICA
909 ## -
-- Universidad Autónoma de Santo Domingo (UASD)
910 ## - DATOS DE OPCIÓN DEL USUARIO (OCLC)
Datos de opción del usuario NULL
-- NULL
911 ## - EQUIVALENCIA O REFERENCIA-CRUZADA-NOMBRE DE CONFERENCIA O REUNIÓN/CONGRESO [LOCAL, CANADÁ]
Nombre de congreso/reunión o jurisdicción como elemento de entrada ["1"]
912 ## -
-- NO APLICA
913 ## -
-- NULL
914 ## -
-- 01 de Junio de 2009
915 ## -
-- 16/09/14 11:09
916 ## -
-- NULL
917 ## -
-- NULL
918 ## -
-- NO APLICA
919 ## -
-- ["202","191"]
921 ## -
-- 2
922 ## -
-- 2
923 ## -
-- 0
924 ## -
-- NO APLICA
942 ## - ELEMENTOS DE ENTRADA SECUNDARIOS (KOHA)
Tipo de ítem Koha

No items available.

© 2024. Todos los Derechos Reservados. Desarrollado por IDEICE